[Event "26th WSCC 2016 Open 50+"]
[Site "Marianske Lazne, Czech Republic - Hotel Cristal and Continental"]
[Date "2016.11.30"]
[Round "11.27"]
[White "Brito, Luismar"]
[Black "Bartos, Jan"]
[Result "1-0"]
[WhiteElo "2242"]
[BlackElo "2151"]
[PlyCount "115"]
[EventDate "2016.11.19"]

1. Nc3 d5 2. e4 d4 3. Nce2 c5 4. c3 Nc6 5. Nf3 e5 6. Ng3 h5 7. h4 Bg4 8. Bc4
Qc7 9. d3 a6 10. Bd5 Nge7 11. c4 Nxd5 12. exd5 Ne7 13. Ne4 Nc8 14. Qa4+ Bd7 15.
Qc2 f6 16. a3 Nd6 17. Ned2 g6 18. b4 b6 19. Rb1 Bh6 20. bxc5 bxc5 21. Qb3 Ke7
22. O-O Rab8 23. Qc2 Rxb1 24. Nxb1 Bxc1 25. Qxc1 Ba4 26. Re1 Kf7 27. Re2 Rb8
28. Nbd2 Qb7 29. Kh2 Kg7 30. Qe1 Re8 31. Ne4 Nxe4 32. Rxe4 Bd7 33. Qa5 f5 34.
Rxe5 Qb8 35. d6 Rxe5 36. Nxe5 Qxd6 37. f4 Be8 38. Kg3 Kh7 39. Qe1 Kg7 40. Nf3
Ba4 41. Ng5 Kf6 42. Nf3 Kf7 43. Qb1 Qc7 44. Qb2 Kf6 45. Ne5 Bd1 46. Kh2 Ba4 47.
Qd2 Be8 48. Qe1 Kg7 49. Qg3 Qe7 50. Kh3 Qb7 51. a4 Bf7 52. a5 Qb1 53. Kh2 Qa1
54. Qg5 Qf1 55. Nd7 Be8 56. Qf6+ Kh7 57. Qe7+ Kh6 58. Qf8+ 1-0

[Event "26th WSCC 2016 Open 50+"]
[Site "Marianske Lazne, Czech Republic - Hotel Cristal and Continental"]
[Date "2016.11.30"]
[Round "11.28"]
[White "Yakimenko, Alexander A"]
[Black "Gayson, Peter M"]
[Result "1-0"]
[WhiteElo "2240"]
[BlackElo "2127"]
[PlyCount "101"]
[EventDate "2016.11.19"]

1. d4 f5 2. Nc3 d5 3. f3 Nf6 4. Bg5 e6 5. e4 fxe4 6. Qd2 e3 7. Qxe3 Be7 8. Bb5+
c6 9. Bd3 O-O 10. f4 c5 11. O-O-O Nc6 12. Nf3 cxd4 13. Nxd4 Nxd4 14. Qxd4 Qc7
15. f5 h6 16. Bf4 Bd6 17. Bxd6 Qxd6 18. Nb5 Qd8 19. Qe5 exf5 20. Nc7 Ng4 21.
Qc3 Rb8 22. Be2 Nf2 23. Bf3 Nxh1 24. Rxh1 d4 25. Qc4+ Kh8 26. Rd1 b5 27. Qc5
Bd7 28. Qxa7 Rc8 29. Nd5 Ra8 30. Qxd4 Bc6 31. Kb1 Bxd5 32. Bxd5 Ra4 33. Qc5 Qb8
34. Bc6 Rd8 35. Rc1 Rc4 36. Qxb5 Qxb5 37. Bxb5 Rf4 38. a4 Rf2 39. Bc6 Rd6 40.
Bb7 Rd7 41. Bc6 Rd6 42. Bf3 g5 43. a5 g4 44. Bb7 Rf4 45. a6 Ra4 46. b3 Ra5 47.
Kb2 Rd2 48. b4 Rb5 49. a7 Rd8 50. a8=Q Rxb4+ 51. Kc3 1-0

[Event "26th WSCC 2016 Open 50+"]
[Site "Marianske Lazne, Czech Republic - Hotel Cristal and Continental"]
[Date "2016.11.30"]
[Round "11.29"]
[White "Habibi, Ali"]
[Black "Babar, Michael"]
[Result "1/2-1/2"]
[WhiteElo "2225"]
[BlackElo "2129"]
[PlyCount "120"]
[EventDate "2016.11.19"]

1. g3 g6 2. Bg2 Bg7 3. e3 d6 4. d4 c5 5. Ne2 Nf6 6. O-O cxd4 7. exd4 O-O 8. h3
e6 9. c3 Qc7 10. g4 Bd7 11. Nd2 Bc6 12. f3 b5 13. a3 Nbd7 14. Ne4 e5 15. Bg5
Rfe8 16. dxe5 Nxe4 17. fxe4 dxe5 18. Ng3 Nc5 19. Qf3 Ne6 20. Be3 Rad8 21. Rad1
Rxd1 22. Rxd1 Nf4 23. Bf1 a6 24. Rd2 Bf6 25. Ne2 Bg5 26. Ng3 Rd8 27. Rxd8+ Qxd8
28. Nh1 Kg7 29. Nf2 Qa8 30. Qg3 Qd8 31. Qf3 Qd6 32. Nd3 Ne6 33. Bf2 Bf4 34. h4
h6 35. Qe2 Bb7 36. Bg2 Kh7 37. Bf3 Kg7 38. Qc2 g5 39. h5 Qd8 40. Bg2 Qd7 41.
Bf3 Bc8 42. b4 Nf8 43. c4 bxc4 44. Qxc4 Nh7 45. Qc3 Qe6 46. Nc5 Qd6 47. Nd3 Qe6
48. Nxf4 gxf4 49. Bh4 Bb7 50. Qc7 Bxe4 51. Bxe4 Qxg4+ 52. Kf1 Qxh4 53. Qxe5+
Nf6 54. Bf3 Qh3+ 55. Ke2 Qh2+ 56. Kd1 Qa2 57. Qc3 Qe6 58. Kc1 Kg8 59. Kb2 Ng4
60. Qd4 Ne5 1/2-1/2

[Event "26th WSCC 2016 Open 50+"]
[Site "Marianske Lazne, Czech Republic - Hotel Cristal and Continental"]
[Date "2016.11.30"]
[Round "11.30"]
[White "Smolin, Sergey"]
[Black "Gollain, Marc"]
[Result "0-1"]
[WhiteElo "2224"]
[BlackElo "2097"]
[PlyCount "154"]
[EventDate "2016.11.19"]

1. e4 c5 2. Nc3 Nc6 3. f4 g6 4. Nf3 Bg7 5. Bb5 Nd4 6. a4 a6 7. Bc4 e6 8. e5 d5
9. exd6 Qxd6 10. d3 Ne7 11. Ne4 Qc7 12. c3 Ndf5 13. Qe2 O-O 14. O-O b6 15. Ne5
Nd5 16. Bd2 Bb7 17. Rae1 Nd6 18. Ba2 Nxe4 19. dxe4 Nxf4 20. Bxf4 Bxe5 21. Bh6
Rfe8 22. Qf2 Bxh2+ 23. Kh1 Be5 24. Qh4 Rad8 25. Re3 c4 26. Bg5 Rd3 27. Re2 b5
28. axb5 axb5 29. Bb1 Rd7 30. Bc2 Rf8 31. Bh6 Qd8 32. Qf2 Re8 33. Bf4 Bxf4 34.
Qxf4 e5 35. Qh6 Rf8 36. Ref2 f6 37. Qe3 Kg7 38. Qc5 Qa5 39. Rf3 Rc8 40. Qe3 Rd6
41. Rh3 Qc7 42. Qh6+ Kg8 43. Qe3 Rcd8 44. Rf2 Ba8 45. Kh2 R8d7 46. Rhf3 Kg7 47.
g4 Qb6 48. Qe1 Qd8 49. Kg3 Rd2 50. Qe3 Rxf2 51. Rxf2 Qc7 52. g5 fxg5 53. Qxg5
Rf7 54. Rd2 Bc6 55. Qe3 Qe7 56. Rf2 Rxf2 57. Kxf2 Qh4+ 58. Ke2 Qg4+ 59. Ke1 Qf4
60. Qc5 Bxe4 61. Bxe4 Qxe4+ 62. Kd2 h5 63. Qxb5 h4 64. Qe8 Qf4+ 65. Ke2 Qg4+
66. Kf2 Qg3+ 67. Ke2 Qf4 68. Qe6 Kh6 69. Qg8 Kg5 70. Qg7 h3 71. Qe7+ Kg4 72.
Qe6+ Kg3 73. Qd5 g5 74. b4 cxb3 75. Qxb3 h2 76. c4+ Kg2 77. Qb7+ e4 0-1

[Event "26th WSCC 2016 Open 50+"]
[Site "Marianske Lazne, Czech Republic - Hotel Cristal and Continental"]
[Date "2016.11.30"]
[Round "11.31"]
[White "Urban, Zdenek"]
[Black "Hrbolka, Ladislav"]
[Result "1-0"]
[WhiteElo "2205"]
[BlackElo "2094"]
[PlyCount "75"]
[EventDate "2016.11.19"]

1. d4 d5 2. c4 c6 3. cxd5 cxd5 4. Nc3 Nf6 5. Nf3 Nc6 6. Bf4 a6 7. e3 Bg4 8. Bd3
e6 9. h3 Bh5 10. Qb3 Bxf3 11. gxf3 Ra7 12. Rc1 Bd6 13. Bxd6 Qxd6 14. f4 O-O 15.
Rg1 Raa8 16. Na4 b5 17. Nc5 Rfb8 18. Qd1 Ne7 19. Qf3 Ra7 20. Qg2 Ne8 21. Ke2 f5
22. Qg5 Ng6 23. h4 Nf8 24. h5 Qd8 25. Nb3 Qxg5 26. fxg5 Nd6 27. Na5 Rb6 28. b3
Nd7 29. f4 Nb8 30. Rc2 Kf7 31. Rgc1 Ne8 32. Rc8 Rab7 33. Nxb7 Rxb7 34. Rd8 Nd7
35. Rcc8 Nd6 36. Ra8 Ke7 37. Rg8 Kf7 38. h6 1-0

[Event "26th WSCC 2016 Open 50+"]
[Site "Marianske Lazne, Czech Republic - Hotel Cristal and Continental"]
[Date "2016.11.30"]
[Round "11.32"]
[White "Kolesar, Milan"]
[Black "Vepkhvishvili, Varlam"]
[Result "0-1"]
[WhiteElo "2194"]
[BlackElo "2086"]
[PlyCount "158"]
[EventDate "2016.11.19"]

1. Nf3 Nf6 2. c4 g6 3. g3 Bg7 4. Bg2 O-O 5. d4 d6 6. O-O Nbd7 7. Nc3 e5 8. e4
c6 9. b3 exd4 10. Nxd4 Re8 11. h3 Nc5 12. Re1 Nfd7 13. Be3 a5 14. Qc2 Ne5 15.
Rad1 Qb6 16. f4 Ned7 17. Bf2 a4 18. Rb1 axb3 19. axb3 Qb4 20. Re2 Ne6 21. Nxe6
fxe6 22. Na4 b5 23. Be1 Qa3 24. cxb5 cxb5 25. Nb2 Bb7 26. Nd3 Rec8 27. Qd1 Bc3
28. Rc2 b4 29. Bf2 Qa6 30. Nc1 Nf6 31. Re2 e5 32. Nd3 Rd8 33. g4 d5 34. Nc5 Qb5
35. Nxb7 Qxb7 36. exd5 exf4 37. Bh4 Rxd5 38. Bxd5+ Nxd5 39. Re6 Ne3 40. Qe2 Bd4
41. Kh2 Rc8 42. Rxe3 Bxe3 43. Qd3 Qc6 44. Rd1 Qc2+ 45. Qxc2 Rxc2+ 46. Kh1 Rc7
47. Be1 Rb7 48. Kg2 g5 49. Kf3 h6 50. Rd6 Kg7 51. h4 Bc5 52. Rc6 Be7 53. hxg5
hxg5 54. Rc4 Kf6 55. Re4 Bd6 56. Bd2 Bc5 57. Rc4 Rb5 58. Re4 Bd6 59. Be1 Be7
60. Bd2 Kf7 61. Be1 Ke8 62. Bd2 Kd7 63. Be1 Bd6 64. Bd2 Rd5 65. Bxb4 Rd3+ 66.
Ke2 Rxb3 67. Be1 f3+ 68. Kf1 Bf4 69. Bd2 Bg3 70. Rd4+ Ke6 71. Rc4 Rd3 72. Rc2
Kd5 73. Be1 Bf4 74. Rc3 Rxc3 75. Bxc3 Be3 76. Ba5 Ke4 77. Bc7 Bd4 78. Bd8 Kf4
79. Bc7+ Kxg4 0-1

[Event "26th WSCC 2016 Open 50+"]
[Site "Marianske Lazne, Czech Republic - Hotel Cristal and Continental"]
[Date "2016.11.30"]
[Round "11.33"]
[White "Sielicki, Tomasz"]
[Black "Barron, Michael"]
[Result "0-1"]
[WhiteElo "1947"]
[BlackElo "2189"]
[PlyCount "74"]
[EventDate "2016.11.19"]

1. d4 f5 2. e4 fxe4 3. Nc3 Nf6 4. Bg5 Nc6 5. d5 Ne5 6. Qe2 c6 7. O-O-O d6 8.
Bxf6 gxf6 9. Qxe4 Bh6+ 10. Kb1 O-O 11. f4 f5 12. Qe3 Ng4 13. Qg3 Bg7 14. h3 Nf6
15. Bc4 Kh8 16. Qe3 b5 17. Bb3 b4 18. Nce2 cxd5 19. Nf3 e6 20. Ned4 Ne4 21. g4
a5 22. Ba4 Qb6 23. Rhf1 Rb8 24. Ka1 fxg4 25. hxg4 e5 26. fxe5 Bxg4 27. Qe1 dxe5
28. Qh4 h5 29. Rg1 Qh6 30. Nxe5 Bxe5 31. Rxg4 Bxd4 32. Rh1 Bg7 33. Qe7 Rf5 34.
Bd7 Re5 35. Qf7 Rf8 36. Qg6 Nf2 37. Rxh5 Re1# 0-1

[Event "26th WSCC 2016 Open 50+"]
[Site "Marianske Lazne, Czech Republic - Hotel Cristal and Continental"]
[Date "2016.11.30"]
[Round "11.34"]
[White "Folk, Petr"]
[Black "Juricek, Stanislav"]
[Result "1/2-1/2"]
[WhiteElo "2182"]
[BlackElo "2043"]
[PlyCount "136"]
[EventDate "2016.11.19"]

1. e4 e5 2. Nf3 Nc6 3. Bb5 a6 4. Ba4 Nf6 5. O-O Nxe4 6. d4 b5 7. Bb3 d5 8. dxe5
Be6 9. Nbd2 Nc5 10. c3 Bg4 11. Bc2 Be7 12. Re1 d4 13. Ne4 d3 14. Bb1 Nxe4 15.
Rxe4 Bf5 16. Re1 O-O 17. Be3 Qd5 18. Bd4 Nxd4 19. Nxd4 Bg6 20. Bxd3 c5 21. Bxg6
hxg6 22. Nf5 Qe6 23. Nxe7+ Qxe7 24. Qe2 Qe6 25. b3 Rad8 26. Rad1 Rfe8 27. f4
Rxd1 28. Rxd1 Qf5 29. g3 g5 30. Qd3 Qg4 31. Qd7 Re6 32. Rf1 Qe2 33. Qc8+ Kh7
34. Qxc5 gxf4 35. Qf2 Rxe5 36. Qxf4 f6 37. Qf2 Qd3 38. Qf3 Re3 39. Qh5+ Kg8 40.
Rd1 Re5 41. Rxd3 Rxh5 42. Rd6 Rc5 43. Rxa6 Rxc3 44. Kg2 Kf7 45. Rb6 Rc2+ 46.
Kh3 Rxa2 47. Rxb5 Rb2 48. g4 g5 49. Kg3 Ke6 50. h3 Rb1 51. Kg2 Rb2+ 52. Kf3 Rh2
53. Kg3 Rb2 54. h4 gxh4+ 55. Kxh4 Rb1 56. Kh5 Rh1+ 57. Kg6 Rg1 58. Rb4 Rg3 59.
Re4+ Kd5 60. Rf4 Ke5 61. Rb4 f5 62. Rb5+ Ke4 63. Rxf5 Rxg4+ 64. Kf6 Kd4 65. Rf3
Kc5 66. Ke5 Kb4 67. Kd5 Rg1 68. Rd3 Rb1 1/2-1/2

[Event "26th WSCC 2016 Open 50+"]
[Site "Marianske Lazne, Czech Republic - Hotel Cristal and Continental"]
[Date "2016.11.30"]
[Round "11.35"]
[White "Madeira, Wagner Martins"]
[Black "Yasin, Hur"]
[Result "0-1"]
[WhiteElo "2172"]
[BlackElo "2075"]
[PlyCount "76"]
[EventDate "2016.11.19"]

1. e4 c5 2. c3 Nf6 3. e5 Nd5 4. d4 cxd4 5. Nf3 Nc6 6. Bc4 Nb6 7. Bb3 d5 8. exd6
Qxd6 9. Na3 a6 10. O-O e6 11. Qe2 dxc3 12. Rd1 Qc7 13. Be3 Be7 14. Rac1 cxb2
15. Qxb2 Bf6 16. Qb1 Nd5 17. Bxd5 exd5 18. Bb6 Qf4 19. Bc5 Qc7 20. Bb6 Qb8 21.
Bc5 Be6 22. Re1 Qc8 23. Nc2 Qd7 24. Nb4 Ne7 25. Ne5 Qb5 26. Ned3 O-O 27. Nf4
Rfc8 28. Nbd3 Qd7 29. Nh5 Bg5 30. f4 Bh6 31. Ne5 Qd8 32. g4 Ng6 33. Bb6 Qe7 34.
f5 Nxe5 35. Rxc8+ Bxc8 36. Qb3 Nf3+ 37. Qxf3 Qxe1+ 38. Kg2 Qe4 0-1

[Event "26th WSCC 2016 Open 50+"]
[Site "Marianske Lazne, Czech Republic - Hotel Cristal and Continental"]
[Date "2016.11.30"]
[Round "11.37"]
[White "Hewson, Brian Wr"]
[Black "Chan, Peng Kong"]
[Result "0-1"]
[WhiteElo "2083"]
[BlackElo "2233"]
[PlyCount "120"]
[EventDate "2016.11.19"]

1. d4 Nf6 2. Nf3 e6 3. c4 b6 4. g3 Ba6 5. b3 Bb4+ 6. Bd2 Be7 7. Bg2 c6 8. Nc3
d5 9. cxd5 cxd5 10. Ne5 Nfd7 11. Nxd7 Nxd7 12. O-O O-O 13. Re1 Nf6 14. Rc1 Rc8
15. e3 Ba3 16. Rb1 Bd3 17. Bc1 Bxb1 18. Bxa3 Rxc3 19. Bxf8 Qxf8 20. Qxb1 Qa3
21. Bf3 g6 22. Kg2 b5 23. Re2 b4 24. Rc2 Ne8 25. Qb2 Qxb2 26. Rxb2 Nd6 27. Be2
Ne4 28. f3 Nd6 29. Kf2 Nf5 30. Rd2 Nxe3 31. Bd3 Nf5 32. Bxf5 gxf5 33. f4 Kg7
34. Kg2 Kf6 35. Kf2 Ke7 36. Kg2 Kd6 37. Kh3 Ke7 38. Kh4 Kf6 39. Kh5 Kg7 40. Kg5
a5 41. Kh5 h6 42. Kh4 Kg6 43. Kh3 Kh5 44. Kg2 Kg4 45. h3+ Kh5 46. Kh2 Kg6 47.
Kg2 h5 48. h4 Kf6 49. Kf2 Ke7 50. Kg2 Kd6 51. Kf2 Kd7 52. Kg2 Kc6 53. Kh3 Kb5
54. Kg2 a4 55. Rb2 Rd3 56. Kf2 Rxd4 57. bxa4+ Kxa4 58. Ke3 Rc4 59. Rg2 Ka3 60.
Kd3 Rc1 0-1

[Event "26th WSCC 2016 Open 50+"]
[Site "Marianske Lazne, Czech Republic - Hotel Cristal and Continental"]
[Date "2016.11.30"]
[Round "11.38"]
[White "Koehler, Gerhard"]
[Black "Cafolla, Peter"]
[Result "1-0"]
[WhiteElo "2182"]
[BlackElo "1996"]
[PlyCount "103"]
[EventDate "2016.11.19"]

1. c4 e5 2. Nc3 Nf6 3. g3 Bb4 4. Bg2 O-O 5. Nf3 Re8 6. O-O Bxc3 7. dxc3 h6 8.
Ne1 a5 9. a4 Na6 10. Nc2 d6 11. Ne3 Nc5 12. Nd5 Bd7 13. Qc2 Nxd5 14. cxd5 Qc8
15. Re1 Re7 16. b3 Bh3 17. b4 Bxg2 18. Kxg2 Nd7 19. Qb3 b6 20. Qc4 Nf6 21. Bd2
Qb7 22. e4 Ra7 23. f3 Re8 24. Reb1 Rea8 25. b5 Re8 26. Re1 Qc8 27. Rad1 Ra8 28.
Be3 Rf8 29. h3 Qd7 30. Bc1 Rae8 31. f4 exf4 32. gxf4 Re7 33. e5 Rfe8 34. e6
fxe6 35. dxe6 Qc8 36. f5 Qb7+ 37. Kh2 Qf3 38. Rf1 Qh5 39. Rd4 Rf8 40. Rh4 Qe8
41. Rg1 Kh8 42. Qd4 Kh7 43. Bg5 Kh8 44. Rxh6+ gxh6 45. Bxf6+ Kh7 46. Bxe7 Qxe7
47. Qg4 Qf6 48. Rg3 d5 49. h4 Re8 50. h5 Kh8 51. Qg6 Qh4+ 52. Kg1 1-0

[Event "26th WSCC 2016 Open 50+"]
[Site "Marianske Lazne, Czech Republic - Hotel Cristal and Continental"]
[Date "2016.11.30"]
[Round "11.39"]
[White "Dobes, Ludek"]
[Black "Sykora, Ondrej"]
[Result "1/2-1/2"]
[WhiteElo "2038"]
[BlackElo "2179"]
[PlyCount "77"]
[EventDate "2016.11.19"]

1. d4 c5 2. e4 cxd4 3. c3 dxc3 4. Nxc3 d6 5. Bc4 Nc6 6. Nf3 e6 7. O-O a6 8. Qe2
Be7 9. Rd1 Qc7 10. Bf4 Nf6 11. Rac1 Ng4 12. Bb3 e5 13. Nd5 Qa5 14. Bd2 Qd8 15.
Bc3 Bd7 16. Nxe7 Qxe7 17. Qd2 Be6 18. Bxe6 Qxe6 19. Qxd6 Qxd6 20. Rxd6 f6 21.
Bd2 h5 22. h3 Nh6 23. Bxh6 Rxh6 24. Nh4 Rh7 25. Rc3 Rd8 26. Nf5 g6 27. Rxd8+
Kxd8 28. Ne3 Rd7 29. Nd5 Rd6 30. f3 Ne7 31. Nxe7 Kxe7 32. Rc2 b5 33. Kf2 Ke6
34. Ke2 h4 35. Rc8 Kd7 36. Rc2 Ke6 37. Rc8 Ke7 38. Rc7+ Ke6 39. Rc8 1/2-1/2

[Event "26th WSCC 2016 Open 50+"]
[Site "Marianske Lazne, Czech Republic - Hotel Cristal and Continental"]
[Date "2016.11.30"]
[Round "11.40"]
[White "Shaw, Meyrick"]
[Black "Christiansen, Arne"]
[Result "1/2-1/2"]
[WhiteElo "1947"]
[BlackElo "2133"]
[PlyCount "29"]
[EventDate "2016.11.19"]

1. d4 Nf6 2. Bf4 c5 3. e3 cxd4 4. exd4 Qb6 5. Nc3 g6 6. Nf3 Bg7 7. Bd3 O-O 8.
Qd2 d6 9. h3 Nc6 10. Be3 Qa5 11. O-O Bd7 12. a3 Qc7 13. Rfe1 Rfe8 14. Bh6 Rac8
15. Rad1 1/2-1/2

[Event "26th WSCC 2016 Open 50+"]
[Site "Marianske Lazne, Czech Republic - Hotel Cristal and Continental"]
[Date "2016.11.30"]
[Round "11.41"]
[White "Borovicka, Bohumil"]
[Black "Guner, Bulent"]
[Result "0-1"]
[WhiteElo "1991"]
[BlackElo "2130"]
[PlyCount "104"]
[EventDate "2016.11.19"]

1. d4 Nf6 2. Nf3 c5 3. c3 Qc7 4. dxc5 e6 5. b4 a5 6. Bb2 b6 7. cxb6 Qxb6 8. a3
Ba6 9. e3 Bxf1 10. Kxf1 Nc6 11. g3 axb4 12. cxb4 Nxb4 13. axb4 Rxa1 14. Bxa1
Qa6+ 15. Kg2 Qxa1 16. Qb3 Qa8 17. Nc3 Be7 18. b5 O-O 19. Rb1 Rb8 20. Qc4 Rc8
21. Qa4 Qb7 22. Qa6 Qc7 23. Na4 Rb8 24. b6 Qc6 25. Qa7 Bd6 26. b7 Ne4 27. Nd4
Qd5 28. f3 Nd2 29. Rb2 Nc4 30. e4 Qg5 31. Re2 Qc1 32. Qa6 Nd2 33. Rf2 Nc4 34.
Re2 Nd2 35. Rf2 Nc4 36. Nc2 Bf8 37. Qxc4 Rxb7 38. Nc3 g6 39. Ne2 Qb2 40. Ne3 h5
41. Nf4 Qa3 42. Nc2 Qc1 43. Nd3 Qg5 44. e5 Rb1 45. h4 Qd8 46. Rf1 Rb8 47. Rf2
Rb1 48. Ne3 Bh6 49. Re2 Qa8 50. Qc2 Qa1 51. Nf2 Bxe3 52. Rxe3 Rg1+ 0-1

[Event "26th WSCC 2016 Open 50+"]
[Site "Marianske Lazne, Czech Republic - Hotel Cristal and Continental"]
[Date "2016.11.30"]
[Round "11.44"]
[White "Prueske, Wolfgang"]
[Black "Arias Castanedo, Jacinto"]
[Result "0-1"]
[WhiteElo "2093"]
[BlackElo "1857"]
[PlyCount "124"]
[EventDate "2016.11.19"]

1. e4 c6 2. d4 d5 3. Nc3 dxe4 4. Nxe4 Bf5 5. Ng3 Bg6 6. h4 h6 7. Nf3 Nd7 8. h5
Bh7 9. Bd3 Bxd3 10. Qxd3 e6 11. Bd2 Ngf6 12. O-O-O Qc7 13. Ne4 Nxe4 14. Qxe4
Nf6 15. Qe2 O-O-O 16. g3 Kb8 17. Kb1 Be7 18. c4 c5 19. Bf4 Bd6 20. Ne5 Rhf8 21.
dxc5 Qxc5 22. Rhe1 Bxe5 23. Bxe5+ Ka8 24. f4 a6 25. g4 Qc6 26. g5 hxg5 27. fxg5
Rxd1+ 28. Qxd1 Ne4 29. Bxg7 Rg8 30. h6 Nxg5 31. Qc2 f5 32. Qe2 Qe8 33. Bf6 Nh7
34. Qxe6 Nxf6 35. Qxe8+ Nxe8 36. Re5 Rh8 37. Rxf5 Rxh6 38. Rf8 Re6 39. a3 Ka7
40. Ka2 Re3 41. Rf4 Nd6 42. Rd4 Ne4 43. Rd5 Kb6 44. Rh5 Nd2 45. c5+ Kc6 46. Rh2
Nb3 47. Rc2 a5 48. Rc4 Kb5 49. Rh4 Kxc5 50. Rh5+ Kb6 51. Rh6+ Ka7 52. Rh5 Ka6
53. Rh6+ b6 54. Rh5 a4 55. Rh4 Ka5 56. Rh5+ b5 57. Rh6 Re2 58. Rh1 Nd2 59. Ka1
Nc4 60. Rb1 Re3 61. Ka2 Rb3 62. Ka1 Nxa3 0-1

[Event "26th WSCC 2016 Open 50+"]
[Site "Marianske Lazne, Czech Republic - Hotel Cristal and Continental"]
[Date "2016.11.30"]
[Round "11.45"]
[White "Robertson, Ian C"]
[Black "Randak, Pavel"]
[Result "1-0"]
[WhiteElo "2127"]
[BlackElo "1826"]
[PlyCount "69"]
[EventDate "2016.11.19"]

1. e4 c5 2. Nf3 Nc6 3. Nc3 g6 4. d3 Bg7 5. g3 e6 6. Bg2 Nge7 7. O-O O-O 8. Be3
Nd4 9. Qd2 Nec6 10. Ne1 a6 11. Nd1 d6 12. c3 Nb5 13. Bh6 Rb8 14. Bxg7 Kxg7 15.
Ne3 f5 16. f4 Ne7 17. Nf3 Nc7 18. exf5 exf5 19. d4 Be6 20. c4 h6 21. Qc3 Kh7
22. Rad1 Qe8 23. Rfe1 b5 24. dxc5 dxc5 25. Qe5 Rc8 26. Qxc5 Ncd5 27. Qa3 b4 28.
Qxa6 Nxe3 29. Rxe3 Bxc4 30. Qb7 Rf7 31. Rd7 Ba6 32. Rdxe7 Rc1+ 33. Ne1 Bxb7 34.
Rxe8 Ba6 35. Bd5 1-0

[Event "26th WSCC 2016 Open 50+"]
[Site "Marianske Lazne, Czech Republic - Hotel Cristal and Continental"]
[Date "2016.11.30"]
[Round "11.46"]
[White "Malinovsky, Petr"]
[Black "Malinin, Vasily B"]
[Result "1-0"]
[WhiteElo "1957"]
[BlackElo "2220"]
[PlyCount "71"]
[EventDate "2016.11.19"]

1. d4 Nc6 2. Nf3 d5 3. c4 Bg4 4. Nc3 Bxf3 5. gxf3 e6 6. cxd5 exd5 7. e4 dxe4 8.
d5 Ne5 9. fxe4 a6 10. Be3 b5 11. Be2 Qh4 12. Qd2 b4 13. O-O-O bxc3 14. Qxc3
Qxe4 15. f3 Qf5 16. f4 Nd7 17. Bd3 Qf6 18. Bd4 Qxf4+ 19. Kb1 Ngf6 20. Rhe1+ Kd8
21. Qc6 Rc8 22. Bxa6 Qd6 23. Bxc8 Kxc8 24. Qa8+ Nb8 25. Bxf6 Qd7 26. Bd4 Bb4
27. Re3 Qf5+ 28. Red3 Bd6 29. Qa4 Rd8 30. Qc2 Nd7 31. Ra3 Qxc2+ 32. Kxc2 Bxa3
33. bxa3 f6 34. Kc3 Kb7 35. Kc4 Re8 36. Rb1+ 1-0

[Event "26th WSCC 2016 Open 50+"]
[Site "Marianske Lazne, Czech Republic - Hotel Cristal and Continental"]
[Date "2016.11.30"]
[Round "11.47"]
[White "Liberchuk, Ilia"]
[Black "Hoffmann, Michael"]
[Result "1/2-1/2"]
[WhiteElo "2076"]
[BlackElo "1920"]
[PlyCount "29"]
[EventDate "2016.11.19"]

1. c4 e6 2. g3 d5 3. d4 Nf6 4. Bg2 Bb4+ 5. Bd2 c5 6. Nf3 O-O 7. Bxb4 cxb4 8.
Nbd2 b6 9. O-O Bb7 10. Ne5 Nc6 11. Nxc6 Bxc6 12. Re1 Rc8 13. Rc1 dxc4 14. Bxc6
Rxc6 15. Rxc4 1/2-1/2

[Event "26th WSCC 2016 Open 50+"]
[Site "Marianske Lazne, Czech Republic - Hotel Cristal and Continental"]
[Date "2016.11.30"]
[Round "11.48"]
[White "Schneider, Alexander"]
[Black "Valet, Richard"]
[Result "1/2-1/2"]
[WhiteElo "2058"]
[BlackElo "1943"]
[PlyCount "34"]
[EventDate "2016.11.19"]

1. d4 Nf6 2. c4 g6 3. Nc3 Bg7 4. e4 d6 5. Bd3 e5 6. d5 a5 7. Nge2 Na6 8. O-O
Nc5 9. Bc2 Nh5 10. Be3 O-O 11. Qd2 f5 12. Bg5 Qe8 13. Ng3 f4 14. Nxh5 gxh5 15.
f3 Qg6 16. Bh4 Bd7 17. b3 Bf6 1/2-1/2

[Event "26th WSCC 2016 Open 50+"]
[Site "Marianske Lazne, Czech Republic - Hotel Cristal and Continental"]
[Date "2016.11.30"]
[Round "11.49"]
[White "Koblasa, Josef"]
[Black "Siebenburger, Vlastimil"]
[Result "1/2-1/2"]
[WhiteElo "1896"]
[BlackElo "2048"]
[PlyCount "32"]
[EventDate "2016.11.19"]

1. c4 c6 2. e3 d5 3. cxd5 cxd5 4. d4 Nc6 5. Nc3 Nf6 6. Nf3 Bg4 7. Be2 e6 8. a3
Bd6 9. b4 Rc8 10. Bb2 O-O 11. O-O Bb8 12. h3 Bxf3 13. Bxf3 Qd6 14. g3 Rfd8 15.
Qe2 a6 16. Na4 Ne7 1/2-1/2

[Event "26th WSCC 2016 Open 50+"]
[Site "Marianske Lazne, Czech Republic - Hotel Cristal and Continental"]
[Date "2016.11.30"]
[Round "11.50"]
[White "Ptacnik, Stanislav"]
[Black "Danek, Pavel"]
[Result "1/2-1/2"]
[WhiteElo "2037"]
[BlackElo "1917"]
[PlyCount "34"]
[EventDate "2016.11.19"]

1. e4 e6 2. d3 d5 3. Nd2 Nf6 4. Ngf3 Be7 5. g3 O-O 6. Bg2 b6 7. O-O Bb7 8. e5
Nfd7 9. Re1 c5 10. Qe2 Nc6 11. Nf1 Qc7 12. Bf4 Ba6 13. a3 b5 14. h4 Rfb8 15.
N1h2 Rb6 16. Ng4 Bc8 17. Ng5 Nd4 1/2-1/2

[Event "26th WSCC 2016 Open 50+"]
[Site "Marianske Lazne, Czech Republic - Hotel Cristal and Continental"]
[Date "2016.11.30"]
[Round "11.51"]
[White "Wolff, Peter"]
[Black "Tiedt, Gunter"]
[Result "1/2-1/2"]
[WhiteElo "1912"]
[BlackElo "2020"]
[PlyCount "38"]
[EventDate "2016.11.19"]

1. c4 e5 2. g3 Nf6 3. Bg2 d5 4. cxd5 Nxd5 5. Nc3 Nxc3 6. bxc3 Bd6 7. d3 O-O 8.
Nf3 Nc6 9. Rb1 Rb8 10. Ng5 Bd7 11. Qc2 h6 12. Ne4 Be7 13. O-O Be6 14. Be3 b6
15. Nf6+ Bxf6 16. Bxc6 Bd5 17. Bxd5 Qxd5 18. c4 Qc6 19. a4 a5 1/2-1/2

[Event "26th WSCC 2016 Open 50+"]
[Site "Marianske Lazne, Czech Republic - Hotel Cristal and Continental"]
[Date "2016.11.30"]
[Round "11.52"]
[White "Bartonicek, Zdenek"]
[Black "Melkeraen, Terje"]
[Result "1-0"]
[WhiteElo "1894"]
[BlackElo "2011"]
[PlyCount "33"]
[EventDate "2016.11.19"]

1. e4 c6 2. d4 d5 3. Nc3 dxe4 4. Nxe4 Bf5 5. Ng3 Bg6 6. Nf3 Nf6 7. h4 h6 8. Ne5
Bh7 9. Bc4 e6 10. c3 Bg8 11. Qf3 Bd6 12. O-O Nbd7 13. Re1 Qc7 14. Nxd7 Qxd7 15.
Nf5 Bf8 16. Nxh6 Bh7 17. Nxf7 1-0

[Event "26th WSCC 2016 Open 50+"]
[Site "Marianske Lazne, Czech Republic - Hotel Cristal and Continental"]
[Date "2016.11.30"]
[Round "11.53"]
[White "Spiess, Thomas"]
[Black "Becvar, Miroslav"]
[Result "1/2-1/2"]
[WhiteElo "1999"]
[BlackElo "1834"]
[PlyCount "91"]
[EventDate "2016.11.19"]

1. Nf3 d5 2. c4 e6 3. g3 b6 4. Bg2 Bb7 5. O-O Nf6 6. cxd5 exd5 7. d4 Be7 8. Nc3
O-O 9. Qc2 Na6 10. Rd1 c6 11. Nh4 Nc7 12. Nf5 Ne6 13. Nxe7+ Qxe7 14. a4 Rfe8
15. b3 Rac8 16. Ba3 Qd8 17. Qd3 Ng5 18. f3 Rc7 19. h4 Ne6 20. Kh2 Bc8 21. b4 g6
22. b5 c5 23. dxc5 Nxc5 24. Bxc5 Rxc5 25. e4 Qc7 26. Nxd5 Nxd5 27. exd5 Bf5 28.
Qd4 Qd6 29. Re1 Rd8 30. f4 h6 31. Rad1 Rdc8 32. Rd2 Rc4 33. Qe5 Rd8 34. Qxd6
Rxd6 35. Ra1 Kf8 36. a5 Rb4 37. axb6 axb6 38. Bf1 Be4 39. Ra8+ Kg7 40. Rb8 h5
41. Kg1 Rb3 42. Kh2 Rb1 43. Kg1 Rb3 44. Kh2 Rb1 45. Kg1 Rb3 46. Kh2 1/2-1/2

[Event "26th WSCC 2016 Open 50+"]
[Site "Marianske Lazne, Czech Republic - Hotel Cristal and Continental"]
[Date "2016.11.30"]
[Round "11.54"]
[White "Miculka, Petr"]
[Black "Canonne, Antoine"]
[Result "1/2-1/2"]
[WhiteElo "1995"]
[BlackElo "1887"]
[PlyCount "30"]
[EventDate "2016.11.19"]

1. e4 c5 2. Nf3 e6 3. d3 Nc6 4. g3 d6 5. Bg2 Be7 6. O-O Nf6 7. Re1 Qc7 8. c3
Bd7 9. d4 cxd4 10. cxd4 O-O 11. Nc3 Rac8 12. e5 Nd5 13. Nxd5 exd5 14. Bf4 Be6
15. Rc1 Qd7 1/2-1/2